<?xml version="1.0" encoding="UTF-8"?>
<record
    xmlns:xsi="http://www.w3.org/2001/XMLSchema-instance"
    xsi:schemaLocation="http://www.loc.gov/MARC21/slim http://www.loc.gov/standards/marcxml/schema/MARC21slim.xsd"
    xmlns="http://www.loc.gov/MARC21/slim">

  <leader>00516nab a2200169   4500</leader>
  <datafield tag="999" ind1=" " ind2=" ">
    <subfield code="c">372133</subfield>
    <subfield code="d">372133</subfield>
  </datafield>
  <controlfield tag="001">721</controlfield>
  <controlfield tag="003">OSt</controlfield>
  <controlfield tag="005">20230116131203.0</controlfield>
  <controlfield tag="007">tu</controlfield>
  <controlfield tag="008">      ||||||||||||</controlfield>
  <datafield tag="040" ind1=" " ind2=" ">
    <subfield code="a">DE-2950</subfield>
    <subfield code="c">DE-2950</subfield>
  </datafield>
  <datafield tag="245" ind1="0" ind2="0">
    <subfield code="a">Ein sp&#xE4;tmittelalterliches Tool f&#xFC;r mobiles Arbeiten</subfield>
    <subfield code="b">Privilegienb&#xFC;cher des deutschen Ordens</subfield>
    <subfield code="c">Johannes G&#xF6;tz</subfield>
  </datafield>
  <datafield tag="260" ind1=" " ind2=" ">
    <subfield code="c">2022</subfield>
  </datafield>
  <datafield tag="525" ind1=" " ind2=" ">
    <subfield code="a">Enthaltene Fotografien: Foto</subfield>
  </datafield>
  <datafield tag="773" ind1="0" ind2=" ">
    <subfield code="g">Jahrgang 2/ 2022, S. 38</subfield>
    <subfield code="t">Jahresheft des Geheimen Staatsarchivs Preu&#xDF;ischer Kulturbesitz</subfield>
  </datafield>
  <datafield tag="942" ind1=" " ind2=" ">
    <subfield code="2">z</subfield>
    <subfield code="c">A</subfield>
  </datafield>
</record>
